| 000 -LEADER |
| fixed length control field |
00467nam a2200157Ia 4500 |
| 008 - FIXED-LENGTH DATA ELEMENTS--GENERAL INFORMATION |
| fixed length control field |
200103s9999||||xx |||||||||||||| ||und|| |
| 020 ## - INTERNATIONAL STANDARD BOOK NUMBER |
| International Standard Book Number |
9780851746593 |
| 082 ## - DEWEY DECIMAL CLASSIFICATION NUMBER |
| Classification number |
Column-7 |
| 100 ## - MAIN ENTRY--PERSONAL NAME |
| Personal name |
Rushbrook, Frank |
| 245 #0 - TITLE STATEMENT |
| Title |
Rushbrook's fire aboard : the problems of prevention and control in ships, port installations and offshore structures |
| 250 ## - EDITION STATEMENT |
| Edition statement |
3rd ed. |
| 260 ## - PUBLICATION, DISTRIBUTION, ETC. (IMPRINT) |
| Name of publisher, distributor, etc |
Brown, Son & Ferguson Ltd |
| Date of publication, distribution, etc |
1998 |
| 300 ## - PHYSICAL DESCRIPTION |
| Extent |
xx, 450 |
| 942 ## - ADDED ENTRY ELEMENTS (KOHA) |
| Item type |
Books |